000 00993nmm a2200289 a 4500
001 ocm0001916696
003 TR-IsHL
005 20201028174313.0
008 180919s2016 tu tur
007 cr cn
020 _a9786059121705
035 _a1916696
_b(N$T)
050 0 4 _aDR537
_b.C53 2016
090 0 4 _aDR537
_b.C53 2016
100 1 _aÇibir, Şaban
245 1 0 _aRüyanın bittiği yer...: Sultan II. Süleyman: "medeniyetin öncüleri"
_h[electronic resource] /
_cŞaban Çibir ; editör Merve Balkış
250 _a1. Basım
260 _aİstanbul :
_bParola Yayınları,
_c2016
300 _a126 p.
650 4 _aTarih
650 4 _aHistory
650 0 _aSultanlar
_x Türkiye
_xBiyografi
650 0 _aTürkiye
_x Tarih
_x Süleyman II, 1687-1691
650 7 _aHISTORY / Middle East / Turkey & Ottoman Empire
_2bisacsh
700 1 _aBalkış, Merve
856 4 0 _uhttp://search.ebscohost.com/login.aspx?direct=true&scope=site&db=e011xww&AN=1916696
999 _c18076
_d18076